[Event "European Cities & Towns Chess Championship - Open/Seniors"]
[Site "Central Europe"]
[Date "2023.01.29"]
[Round "7.5.2"]
[White "Panagiotakos, Nikolaos"]
[Black "Zeneli, Klendi"]
[Result "0-1"]
[WhiteElo "2122"]
[BlackElo "2052"]
[BlackCountry "AL"]
[BlackFideId "4706609"]
[BlackTeam "TIRANA City"]
[Termination "time forfeit"]
[WhiteCountry "GR"]
[WhiteFideId "4213246"]
[WhiteTeam "Heraklion"]

1. e4 e5 2. Nf3 Nc6 3. Bc4 Nf6 4. d4 exd4 5. O-O Nxe4 6. Re1 d5 7. Bxd5 
Qxd5 8. Nc3 Qd7 9. Rxe4+ Be7 10. Nxd4 f5 11. Rf4 O-O 12. Nxc6 Qxc6 13. Qe2
Be6 14. Nb5 Rad8 15. Nd4 Qc4 16. Be3 Rxd4 17. Qxc4 Rxc4 18. Re1 Rxc2 19. 
Bd4 Bd6 20. Rf3 Bxa2 21. b3 a5 22. g3 f4 0-1

[Event "European Cities & Towns Chess Championship - Open/Seniors"]
[Site "Central Europe"]
[Date "2023.01.29"]
[Round "7.5.3"]
[White "Shuqja, Klean"]
[Black "Klokas, Konstantinos"]
[Result "0-1"]
[WhiteElo "1884"]
[BlackElo "2069"]
[BlackCountry "GR"]
[BlackFideId "4206932"]
[BlackTeam "Heraklion"]
[WhiteCountry "AL"]
[WhiteFideId "4701585"]
[WhiteTeam "TIRANA City"]
[WhiteTitle "WFM"]

1. e4 c5 2. Nf3 Nc6 3. Bb5 Nf6 4. e5 Nd5 5. Nc3 Nc7 6. Bxc6 dxc6 7. O-O 
Bg4 8. Qe2 Ne6 9. Qe3 Nd4 10. Ne1 e6 11. h3 Bf5 12. Ne4 Qd5 13. Nc3 Qd7 
14. d3 Be7 15. Ne4 O-O-O 16. a4 Bxe4 17. Qxe4 f5 18. exf6 gxf6 19. Bf4 Qd5
20. Qe3 Rhg8 21. f3 Nf5 22. Qe4 Rg6 23. g4 h5 24. Ng2 hxg4 25. hxg4 Qd4+ 
26. Be3 Nxe3 27. Qxe3 c4 28. Qxd4 Rxd4 29. Rfd1 Bc5 30. Kf1 cxd3 31. Rxd3 
Rxd3 32. cxd3 e5 33. Ke2 Bd4 34. Rb1 Rh6 35. Ne1 Rh2+ 36. Kd1 Bxb2 37. a5 
Kc7 38. a6 b5 39. g5 fxg5 40. Nc2 Rh1+ 41. Ne1 Bc3 42. Ke2 Rxe1+ 43. Rxe1 
Bxe1 44. Kxe1 Kb6 45. Ke2 Kxa6 46. Ke3 Kb6 47. Ke4 Kc5 0-1

[Event "European Cities & Towns Chess Championship - Open/Seniors"]
[Site "Central Europe"]
[Date "2023.01.29"]
[Round "7.6.1"]
[White "Jansa, Vlastimil"]
[Black "Samunenkov, Ihor"]
[Result "0-1"]
[WhiteElo "2398"]
[BlackElo "2485"]
[BlackCountry "UA"]
[BlackFideId "14187086"]
[BlackTeam "Kyiv region"]
[BlackTitle "IM"]
[Termination "time forfeit"]
[WhiteCountry "CZ"]
[WhiteFideId "300128"]
[WhiteTeam "Prague - Seniors"]
[WhiteTitle "GM"]

1. e4 c6 2. c4 d5 3. cxd5 cxd5 4. exd5 Nf6 5. Bb5+ Nbd7 6. Nc3 a6 7. Qa4 
g6 8. Nf3 Bg7 9. O-O O-O 10. Bxd7 Nxd7 11. Qh4 Nf6 12. d4 Nxd5 13. Bh6 
Nxc3 14. bxc3 Bf6 15. Bg5 Be6 16. Rfe1 Rc8 17. Re3 h5 18. Ne5 Kg7 19. Rae1
Bf5 20. Rg3 Bxg5 21. Qxg5 e6 22. Qe3 b5 23. a4 Qd5 24. axb5 axb5 25. h3 
Rc7 26. Qd2 Rfc8 27. Rge3 Ra7 28. g4 hxg4 29. hxg4 Rh8 30. f3 Ra2 31. Qc1 
Qd8 32. R3e2 Rxe2 33. Rxe2 Qh4 34. Qf4 Qh1+ 35. Kf2 Rh2+ 36. Ke3 Qc1+ 0-1

[Event "European Cities & Towns Chess Championship - Open/Seniors"]
[Site "Central Europe"]
[Date "2023.01.29"]
[Round "7.6.2"]
[White "Grebeniuk, Semen"]
[Black "Sorm, Daniel"]
[Result "1-0"]
[WhiteElo "2315"]
[BlackElo "2302"]
[BlackCountry "CZ"]
[BlackFideId "5400139"]
[BlackTeam "Prague - Seniors"]
[BlackTitle "FM"]
[Termination "time forfeit"]
[WhiteCountry "UA"]
[WhiteFideId "14117509"]
[WhiteTeam "Kyiv region"]

1. d4 d5 2. Nf3 Nf6 3. Bf4 c5 4. e3 e6 5. Nbd2 Bd6 6. Bg3 O-O 7. c3 Qc7 8.
 Bd3 Nbd7 9. O-O Bxg3 10. hxg3 e5 11. dxe5 Nxe5 12. Be2 Bf5 13. Nxe5 Qxe5 
14. Qa4 a6 15. Rfd1 Rad8 16. Nf3 Qe7 17. Qf4 Be4 18. Rd2 Rfe8 19. Rad1 h6 
20. Qh4 b5 21. a3 Qe6 22. b4 Qc8 23. Bd3 Bxd3 24. Rxd3 c4 25. Rd4 Ne4 26. 
Rc1 Qe6 27. Nd2 g5 28. Qh3 g4 29. Qh5 Nxf2 30. Kxf2 Qxe3+ 31. Kf1 Rd6 32. 
Rxg4+ Kf8 33. Rf4 Re7 34. Rd1 Qxg3 35. Qf3 Qg5 36. Re1 Rxe1+ 37. Kxe1 Re6+
38. Kd1 Re7 39. Qf2 Qe5 40. Kc2 Qe2 41. Qd4 1-0

[Event "European Cities & Towns Chess Championship - Open/Seniors"]
[Site "Central Europe"]
[Date "2023.01.29"]
[Round "7.6.3"]
[White "Trickov, Vasil"]
[Black "Paryokha, Serhiy"]
[Result "1-0"]
[WhiteElo "2329"]
[BlackElo "2294"]
[BlackCountry "UA"]
[BlackFideId "14198177"]
[BlackTeam "Kyiv region"]
[Termination "time forfeit"]
[WhiteCountry "CZ"]
[WhiteFideId "311103"]
[WhiteTeam "Prague - Seniors"]
[WhiteTitle "IM"]

1. d4 Nf6 2. Nf3 e6 3. g3 c5 4. Bg2 cxd4 5. O-O Nc6 6. Nxd4 Be7 7. c4 O-O 
8. Nc3 a6 9. b3 Qc7 10. e4 d6 11. Be3 Ne5 12. h3 Bd7 13. Rc1 Rfd8 14. Qd2 
Rac8 15. Rfd1 Be8 16. f4 Ng6 17. f5 Nf8 18. g4 e5 19. Nde2 Bc6 20. b4 b6 
21. Ng3 h6 22. Qf2 Rb8 23. b5 Ba8 24. bxa6 Qa7 25. Bf1 Qxa6 26. c5 b5 27. 
cxd6 Rxd6 28. Rxd6 Qxd6 29. Nxb5 Qb4 30. Nc3 Nxe4 31. Ncxe4 Bxe4 32. Rc4 
Qxc4 33. Bxc4 Rb1+ 34. Kh2 Bh4 35. Nxe4 Bxf2 36. Bxf2 Nd7 37. Nd6 Rb2 38. 
Kg1 e4 39. Nxf7 Kf8 40. Bd4 Rd2 41. Be3 Rc2 42. Bb3 Re2 43. Ba7 Ke7 44. 
Nh8 1-0

[Event "European Cities & Towns Chess Championship - Open/Seniors"]
[Site "Central Europe"]
[Date "2023.01.29"]
[Round "7.6.4"]
[White "Kirichenko, Vitaly"]
[Black "Pribyl, Josef"]
[Result "0-1"]
[WhiteElo "2262"]
[BlackElo "2217"]
[BlackCountry "CZ"]
[BlackFideId "300187"]
[BlackTeam "Prague - Seniors"]
[BlackTitle "IM"]
[Termination "time forfeit"]
[WhiteCountry "UA"]
[WhiteFideId "14103079"]
[WhiteTeam "Kyiv region"]

1. e4 d6 2. d4 Nf6 3. Nc3 c6 4. a4 g6 5. a5 Bg7 6. Nf3 O-O 7. Be2 e6 8. d5
cxd5 9. exd5 e5 10. Nd2 Nbd7 11. Nc4 Qc7 12. Nb5 Qc5 13. Ncxd6 Nxd5 14. 
Ne4 Qb4+ 15. Nec3 Nxc3 16. bxc3 Qh4 17. Ba3 Rd8 18. O-O Nf8 19. Qb1 e4 20.
 g3 Qf6 21. Rd1 Bh3 22. Nd4 Rd7 23. Qb3 Rc8 24. Nb5 a6 25. Nd6 Rxc3 26. 
Nxe4 Rxb3 27. Nxf6+ Bxf6 28. Bxf8 Bxa1 29. cxb3 Rxd1+ 30. Bxd1 Kxf8 0-1

[Event "European Cities & Towns Chess Championship - Open/Seniors"]
[Site "Central Europe"]
[Date "2023.01.29"]
[Round "7.7.1"]
[White "Manolache, Marius"]
[Black "Guerrero Vargas, Andres Jesus"]
[Result "1/2-1/2"]
[WhiteElo "2454"]
[BlackElo "2336"]
[BlackCountry "VE"]
[BlackFideId "3902048"]
[BlackTeam "Collado Villalba - Madrid"]
[BlackTitle "FM"]
[WhiteCountry "RO"]
[WhiteFideId "1201530"]
[WhiteTeam "CSM Galati"]
[WhiteTitle "GM"]

1. d4 Nf6 2. Nf3 g6 3. Nbd2 d5 4. b3 Bg7 5. Bb2 O-O 6. e3 c5 7. Be2 cxd4 
8. exd4 Nc6 9. O-O Bf5 10. Nh4 Be6 11. a3 Ne4 12. Nhf3 Bf5 13. Nxe4 dxe4 
14. Ne5 Nxe5 15. dxe5 Qc7 16. c4 Rad8 17. Qc1 Bxe5 18. Bxe5 Qxe5 19. Qe3 
Qd4 20. Rfd1 Qxe3 21. fxe3 h5 22. Kf2 b6 23. b4 Rxd1 24. Rxd1 Rc8 25. Rc1 
Kf8 26. Kg3 e5 27. c5 bxc5 28. bxc5 Bd7 29. Ba6 Rc7 30. Kf2 Bc6 31. Rb1 
Ke7 32. h4 Bd7 33. Rc1 Bc8 34. Bb5 Rb7 35. a4 a6 36. Bc6 Rb2+ 37. Kg3 f5 
38. Rc3 Bb7 39. Bxb7 Rxb7 40. Rc2 Rc7 41. Rb2 Rxc5 42. Rb6 f4+ 43. exf4 
Rc3+ 44. Kf2 exf4 45. Rxa6 Rc2+ 46. Kf1 Kf7 47. a5 Ra2 48. Kg1 e3 49. Kf1 
Rf2+ 50. Kg1 f3 51. gxf3 Rxf3 52. Rb6 Rf5 53. a6 Ra5 54. Kg2 Ra2+ 55. Kf3 
e2 56. Kf2 Kg7 57. Re6 Kf7 58. Rb6 Ra4 59. Rb7+ Kf6 60. a7 Ra2 61. Rb2 
Rxa7 62. Rxe2 Kf5 63. Kg2 Ra4 64. Kh3 Ra3+ 65. Kg2 Kf4 66. Rb2 Rg3+ 67. 
Kh2 Re3 68. Rb6 Kf5 69. Kg2 Re2+ 70. Kg3 Re5 71. Rb3 Rd5 72. Ra3 Ke4 73. 
Ra6 Rd3+ 74. Kg2 Kf5 75. Ra5+ Kf6 76. Ra6+ Kg7 77. Ra7+ Kh6 78. Rb7 Rd4 
79. Kh3 Rg4 80. Ra7 Rc4 81. Rb7 Rc6 82. Kg3 Rf6 83. Ra7 Re6 84. Rb7 g5 85.
 hxg5+ Kxg5 86. Rb5+ Kh6 87. Kh4 Re4+ 88. Kh3 Kg6 89. Ra5 Re3+ 90. Kh4 Re6
91. Rg5+ Kf6 92. Kxh5 Re5 93. Rxe5 Kxe5 1/2-1/2

[Event "European Cities & Towns Chess Championship - Open/Seniors"]
[Site "Central Europe"]
[Date "2023.01.29"]
[Round "7.7.2"]
[White "Sanchez Gonzalez, Sergio"]
[Black "Barbu, Simon-Alexandru"]
[Result "0-1"]
[WhiteElo "2288"]
[BlackElo "2023"]
[BlackCountry "RO"]
[BlackFideId "1257170"]
[BlackTeam "CSM Galati"]
[WhiteCountry "ES"]
[WhiteFideId "2273020"]
[WhiteTeam "Collado Villalba - Madrid"]
[WhiteTitle "FM"]

1. Nf3 Nf6 2. b3 c5 3. Bb2 Nc6 4. g3 d6 5. Bg2 e5 6. O-O Be7 7. e3 O-O 8. 
d4 cxd4 9. exd4 e4 10. Nfd2 d5 11. h3 Bd6 12. c4 e3 13. fxe3 Bxg3 14. cxd5
Ne7 15. e4 Ng6 16. e5 Nxd5 17. Qf3 Ndf4 18. Ne4 Nh4 19. Nf6+ Kh8 20. Qe4 
Bf5 21. Qxf4 Bxf4 22. Rxf4 Nxg2 23. Kxg2 Bxb1 24. Ng4 Qg5 25. Kg3 f5 26. 
exf6 Rxf6 27. Rxf6 gxf6 28. d5 Rf8 29. Rxb1 h5 30. Rf1 hxg4 31. hxg4 Kg7 
32. d6 Qe3+ 33. Rf3 Qg1+ 34. Kf4 Qh2+ 35. Kf5 Qxb2 0-1

[Event "European Cities & Towns Chess Championship - Open/Seniors"]
[Site "Central Europe"]
[Date "2023.01.29"]
[Round "7.7.3"]
[White "Tudoroiu, Razvan-Catalin"]
[Black "Perdomo Araujo, Angel Eduardo"]
[Result "1/2-1/2"]
[WhiteElo "1923"]
[BlackElo "2071"]
[BlackCountry "VE"]
[BlackFideId "3902528"]
[BlackTeam "Collado Villalba - Madrid"]
[WhiteCountry "RO"]
[WhiteFideId "1281100"]
[WhiteTeam "CSM Galati"]

1. d4 Nf6 2. c4 g6 3. Nc3 d5 4. cxd5 Nxd5 5. e4 Nxc3 6. bxc3 Bg7 7. Nf3 
O-O 8. Be3 c5 9. Be2 Nc6 10. O-O cxd4 11. cxd4 Bg4 12. d5 Bxf3 13. Bxf3 
Ne5 14. Rb1 Nxf3+ 15. Qxf3 b6 16. Rfc1 Rc8 17. h4 h5 18. Bg5 Qd6 19. Qh3 
Rxc1+ 20. Rxc1 Qe5 21. Qe3 Re8 22. Bf4 Qb2 23. Qd2 Qb5 24. Rc7 Qa4 25. Qc2
Qa5 26. Bd2 Qa6 27. Bc3 Bf8 28. Ba1 Bg7 29. Bxg7 Kxg7 30. e5 Qa5 31. Qe4 
Qxa2 32. e6 Qa1+ 33. Kh2 fxe6 34. Qxe6 Qf6 35. Qxf6+ Kxf6 36. Rxa7 Rd8 37.
 Rb7 Rd6 38. g3 Ke5 39. Rxe7+ Kxd5 40. f3 b5 41. g4 hxg4 42. fxg4 b4 43. 
Kg3 b3 44. Rb7 Kc4 45. Kf4 Rd4+ 46. Kg5 Rd5+ 47. Kxg6 Rb5 48. Rc7+ Kd3 49.
 Rc1 b2 50. Rb1 Kc2 51. Rxb2+ Kxb2 52. h5 Rb6+ 53. Kg7 Rb7+ 54. Kg6 Rb6+ 
55. Kg5 Rb5+ 56. Kh4 Kc3 57. h6 Rb1 58. Kh5 Kd4 59. h7 Ke4 60. Kg6 Rh1 61.
 Kg7 Kf4 62. g5 Kxg5 63. h8=Q Rxh8 64. Kxh8 1/2-1/2

[Event "European Cities & Towns Chess Championship - Open/Seniors"]
[Site "Central Europe"]
[Date "2023.01.29"]
[Round "7.7.4"]
[White "Alvarez Guerrero, Dylan"]
[Black "Jugaru, Lucian"]
[Result "0-1"]
[WhiteElo "1162"]
[BlackElo "1839"]
[BlackCountry "RO"]
[BlackFideId "1220497"]
[BlackTeam "CSM Galati"]
[WhiteCountry "ES"]
[WhiteFideId "94728089"]
[WhiteTeam "Collado Villalba - Madrid"]

1. d4 d5 2. Nf3 e6 3. g3 b5 4. Bg2 Bb7 5. O-O Nf6 6. Nbd2 Nbd7 7. Re1 c5 
8. e3 Be7 9. b3 cxd4 10. exd4 O-O 11. c4 bxc4 12. bxc4 dxc4 13. Nxc4 Rc8 
14. Nfe5 Bxg2 15. Kxg2 Qc7 16. Bf4 Qb7+ 17. Kg1 Rfd8 18. Rb1 Qa8 19. Qb3 
Rb8 20. Qc2 Nd5 21. Rxb8 Nxb8 22. Qd2 Nd7 23. Nxd7 Rxd7 24. Bg5 Bb4 25. 
Qe2 Bxe1 26. Qxe1 h6 27. Bf4 Nf6 28. Qe5 Qd5 29. Qb8+ Rd8 30. Qb4 Qxd4 31.
 Qb3 Ne4 32. Ne3 Nd2 33. Qb7 Qe4 34. Qc7 Nf3+ 35. Kg2 Ng5+ 36. Kf1 Qh1+ 
37. Ke2 Qf3+ 38. Ke1 Qa8 39. Qc3 Rc8 40. Qd2 Nf3+ 0-1

[Event "European Cities & Towns Chess Championship - Open/Seniors"]
[Site "Central Europe"]
[Date "2023.01.29"]
[Round "7.8.1"]
[White "Kumar, Sanjit S"]
[Black "Nastase, Robert-Paul"]
[Result "0-1"]
[WhiteElo "1968"]
[BlackElo "2229"]
[BlackCountry "RO"]
[BlackFideId "1221175"]
[BlackTeam "SNAGOV"]
[BlackTitle "FM"]
[WhiteCountry "GB"]
[WhiteFideId "468142"]
[WhiteTeam "London Juniors"]

1. d4 d5 2. c4 e6 3. Nc3 c6 4. cxd5 exd5 5. Nf3 Bd6 6. Bg5 Ne7 7. e3 f6 8.
 Bh4 Bf5 9. Bd3 Qb6 10. b3 Qa5 11. Qc2 Bxd3 12. Qxd3 Bb4 13. Kd2 O-O 14. 
Rhc1 Nd7 15. Ke2 Rfe8 16. Kf1 Bd6 17. Bg3 Nc8 18. Kg1 Bxg3 19. hxg3 Nd6 
20. Nd2 Re6 21. a3 a6 22. b4 Qd8 23. Na4 f5 24. Nc5 Rh6 25. Nf3 Qe8 26. 
Kf1 Nf6 27. Ke2 Nfe4 28. Rh1 Rf6 29. Ne5 h6 30. Rh3 Rd8 31. f3 Ng5 32. 
Rhh1 Ngf7 33. Nxf7 Qxf7 34. Kf2 Ne4+ 35. Nxe4 fxe4 36. Qe2 exf3 37. gxf3 
Rf8 38. f4 Re8 39. Qf3 Qg6 40. Ra2 Qd3 41. Qe2 Qb3 42. Re1 Rfe6 43. Qc2 
Qxc2+ 44. Rxc2 Kf7 45. Rc3 Ke7 46. a4 Kd6 47. b5 axb5 48. axb5 Rc8 49. 
Rec1 Re7 50. bxc6 Rxc6 51. Rxc6+ bxc6 52. Rb1 h5 53. Rb8 g6 54. Rd8+ Kc7 
55. Rg8 Re6 56. Kf3 Kb6 57. Rh8 Kb5 58. f5 Rf6 59. e4 dxe4+ 60. Kxe4 Rxf5 
61. g4 hxg4 62. Rh4 Rg5 63. Kf4 Rd5 64. Ke3 Rg5 65. Kf4 Rf5+ 66. Ke4 g3 
67. Rg4 Rf6 68. Rxg3 Kc4 69. Rg1 Re6+ 70. Kf4 Kxd4 71. Rd1+ Kc4 72. Rc1+ 
Kb5 73. Rb1+ Ka4 74. Kg5 c5 75. Rb8 c4 76. Rc8 Kb3 77. Rb8+ Kc2 78. Kf4 c3
79. Kf3 Kc1 80. Rc8 c2 81. Rb8 Re5 82. Kf4 Rd5 83. Ke4 Rd2 84. Ke3 Kd1 0-1

[Event "European Cities & Towns Chess Championship - Open/Seniors"]
[Site "Central Europe"]
[Date "2023.01.29"]
[Round "7.8.2"]
[White "Dobronauteanu, Ion-Serban"]
[Black "Patel, Zain"]
[Result "1/2-1/2"]
[WhiteElo "2189"]
[BlackElo "1806"]
[BlackCountry "GB"]
[BlackFideId "469246"]
[BlackTeam "London Juniors"]
[WhiteCountry "RO"]
[WhiteFideId "1204084"]
[WhiteTeam "SNAGOV"]

1. e4 c6 2. d4 d5 3. Nc3 dxe4 4. Nxe4 Nf6 5. Nxf6+ exf6 6. Nf3 Bd6 7. Be2 
O-O 8. O-O Re8 9. c4 Be6 10. Be3 Na6 11. a3 Rc8 12. b4 b6 13. Qa4 Nc7 14. 
c5 Bf8 15. cxb6 axb6 16. Rfc1 Nd5 17. Rxc6 Nc3 18. Rxc8 Qxc8 19. Qc2 Nxe2+
20. Qxe2 Qc3 21. Qe1 Qxe1+ 22. Nxe1 Rc8 23. d5 Bxd5 24. Bxb6 Ra8 25. Nd3 
Bc4 26. Nc5 Bb5 27. a4 Bxc5 28. Bxc5 Rxa4 29. Rxa4 Bxa4 30. Kf1 f5 31. Ke2
f6 32. Kd3 Kf7 33. Kc4 Bc6 34. g3 Ke6 35. b5 Bd5+ 36. Kd4 Bb7 37. Bf8 Kf7 
38. Bd6 Ke6 39. Bc7 Kd7 40. Ba5 g6 41. Bc3 Bg2 42. Kc5 Kc7 43. Bxf6 Be4 
44. b6+ Kb7 45. h4 Bd3 46. Bd4 Bb1 47. Kd6 h6 48. Ke6 g5 49. hxg5 hxg5 50.
 Be3 g4 1/2-1/2

[Event "European Cities & Towns Chess Championship - Open/Seniors"]
[Site "Central Europe"]
[Date "2023.01.29"]
[Round "7.8.3"]
[White "Yedid, Lior"]
[Black "Nastase, Andreea-Cristina"]
[Result "0-1"]
[WhiteElo "1521"]
[BlackElo "2046"]
[BlackCountry "RO"]
[BlackFideId "1221183"]
[BlackTeam "SNAGOV"]
[BlackTitle "WFM"]
[WhiteCountry "GB"]
[WhiteFideId "487457"]
[WhiteTeam "London Juniors"]

1. e4 c5 2. Nf3 d6 3. c3 g6 4. d4 cxd4 5. cxd4 Bg7 6. Nc3 a6 7. Be3 b5 8. 
a3 Bb7 9. d5 Nf6 10. Bd3 O-O 11. O-O Nbd7 12. b4 Ng4 13. Bf4 Bxc3 14. Rc1 
Bg7 15. Ng5 Nge5 16. Bb1 h6 17. Nh3 Rc8 18. Qd2 Nc4 19. Qd3 Nde5 20. Qg3 
Qd7 21. Ba2 Qg4 22. Bxe5 Nxe5 23. Qe3 Nc4 24. Bxc4 bxc4 25. Rfe1 c3 26. 
Qb6 Qd7 27. Nf4 Qc7 28. Qe3 a5 29. Ne2 axb4 30. axb4 Ba6 31. Rc2 Bxe2 32. 
Rexe2 Qc4 33. Qa7 Qxb4 34. Re1 Qb3 35. Rec1 Rfe8 36. Qd7 Ra8 37. h3 Bf6 
38. f4 Qb6+ 39. Kh2 Red8 40. Qg4 Bg7 41. f5 gxf5 42. Qxf5 Qe3 43. Rf1 Rf8 
44. Rf3 Qd4 45. g3 Rab8 46. Rfxc3 Rb1 47. h4 Qg1+ 48. Kh3 Bxc3 49. Rxc3 
Qf1+ 50. Kg4 Qxf5+ 51. Kxf5 Rf1+ 52. Kg4 Kh7 53. Kh5 f5 54. Re3 fxe4 55. 
Rxe4 R8f7 56. Re6 R1f5+ 57. Kg4 Rxd5 58. Kh3 Rg7 59. g4 Rd3+ 60. Kg2 Rxg4+
61. Kf2 Rg7 62. Re4 e5 63. Ke2 Rh3 64. Kf2 Re7 65. Rg4 e4 66. Kg2 Rb3 67. 
Kf2 d5 68. Ke2 Ra7 69. Kd1 Ra2 70. Kc1 e3 71. Rg1 e2 72. Re1 Re3 73. Kb1 
Rd2 74. Kc1 Red3 75. Rg1 Rd1+ 76. Kc2 Rxg1 77. h5 Rgd1 78. Kb2 R1d2+ 79. 
Kc1 e1=Q# 0-1

[Event "European Cities & Towns Chess Championship - Open/Seniors"]
[Site "Central Europe"]
[Date "2023.01.29"]
[Round "7.8.4"]
[White "Rata, Anamaria"]
[Black "Hanache, Kai"]
[Result "0-1"]
[WhiteElo "1664"]
[BlackElo "1394"]
[BlackCountry "GB"]
[BlackFideId "490105"]
[BlackTeam "London Juniors"]
[WhiteCountry "RO"]
[WhiteFideId "1245350"]
[WhiteTeam "SNAGOV"]

1. e4 e5 2. Nf3 Nc6 3. Bc4 Nf6 4. Ng5 d5 5. exd5 Na5 6. Bb5+ c6 7. dxc6 
bxc6 8. Be2 h6 9. Nf3 e4 10. Ne5 Qd4 11. f4 Bd6 12. c3 Qb6 13. Na3 Bxa3 
14. bxa3 Nd5 15. Qa4 Bf5 16. g4 Bh7 17. f5 e3 18. Qe4 O-O 19. Rb1 Qc7 20. 
Nc4 Rfe8 21. Qd4 c5 22. Qxd5 Rad8 23. Qf3 Nxc4 24. O-O exd2 25. Bb2 Re3 
26. Qf4 Qxf4 27. Rxf4 Rxe2 28. Rxc4 d1=R+ 29. Rxd1 Rxd1# 0-1

[Event "European Cities & Towns Chess Championship - Open/Seniors"]
[Site "Central Europe"]
[Date "2023.01.29"]
[Round "7.9.1"]
[White "Kabo, Melsed"]
[Black "Yasin, Hur"]
[Result "0-1"]
[WhiteElo "2195"]
[BlackElo "1872"]
[BlackCountry "TR"]
[BlackFideId "6300170"]
[BlackTeam "Istanbul - Seniors"]
[BlackTitle "CM"]
[WhiteCountry "AL"]
[WhiteFideId "4702271"]
[WhiteTeam "Butrinti"]

1. d4 d5 2. Nf3 e6 3. c4 Nf6 4. Nc3 Bb4 5. Qb3 c5 6. e3 Nc6 7. a3 Bxc3+ 8.
 bxc3 O-O 9. Be2 Qa5 10. O-O b6 11. cxd5 exd5 12. c4 dxc4 13. Bxc4 cxd4 
14. Nxd4 Nxd4 15. exd4 Ba6 16. Bxa6 Qxa6 17. Bg5 Ne4 18. Be3 Rac8 19. Rac1
Qa5 20. Qd3 Nf6 21. Bd2 Qd5 22. h3 Rfd8 23. Be3 h6 24. Rc2 Rxc2 25. Qxc2 
Qa5 26. Qb2 Rc8 27. Rc1 Rxc1+ 28. Qxc1 Kh7 29. Qc2+ g6 30. Qc6 Nd5 31. Qe8
Kg7 32. Qe5+ Kh7 33. Qe8 Kg7 34. h4 Qe1+ 35. Kh2 Nxe3 36. Qe5+ Kh7 37. 
Qxe3 Qxe3 38. fxe3 Kg7 39. Kg3 Kf6 40. Kf4 Ke6 41. Ke4 f5+ 42. Kd3 Kd5 43.
 g3 b5 44. Kc3 a5 45. Kb3 g5 46. h5 f4 47. exf4 gxf4 48. gxf4 Kxd4 49. Kc2
Ke4 50. Kc3 Kxf4 51. Kd4 Kg5 52. Kc5 b4 53. axb4 axb4 54. Kxb4 Kxh5 55. 
Kc3 Kg4 56. Kd2 Kg3 57. Ke2 Kg2 0-1

[Event "European Cities & Towns Chess Championship - Open/Seniors"]
[Site "Central Europe"]
[Date "2023.01.29"]
[Round "7.9.2"]
[White "Guner, Bulent"]
[Black "Kosta, Kelvin"]
[Result "1-0"]
[WhiteElo "1974"]
[BlackElo "1950"]
[BlackCountry "AL"]
[BlackFideId "4703855"]
[BlackTeam "Butrinti"]
[WhiteCountry "TR"]
[WhiteFideId "6300553"]
[WhiteTeam "Istanbul - Seniors"]

1. d4 Nf6 2. Nf3 e6 3. c4 d5 4. Nc3 Be7 5. Bg5 c6 6. e3 h6 7. Bh4 O-O 8. 
Bd3 Re8 9. O-O Nbd7 10. Rc1 b6 11. cxd5 exd5 12. h3 Ne4 13. Bxe7 Qxe7 14. 
Qc2 f5 15. Nd2 Ndf6 16. Rce1 Qd6 17. Nf3 c5 18. Ne5 Bb7 19. f4 a6 20. Bxe4
dxe4 21. Rd1 Rac8 22. Qb3+ Kh7 23. Qf7 Rc7 24. Qg6+ Kg8 25. Qxf5 Bc8 26. 
Qg6 Bb7 27. dxc5 Qxc5 28. Rd4 b5 29. Rfd1 b4 30. Nxe4 Bxe4 31. Rxe4 Qc2 
32. Red4 Qxg6 33. Nxg6 Rxe3 34. Rd8+ Kf7 35. f5 Ne8 36. R1d7+ Rxd7 37. 
Rxd7+ Kf6 38. Kf2 Re4 39. g4 Rc4 40. Rd2 Nc7 41. Kf3 Nb5 42. Nf4 Kg5 43. 
Ne6+ Kh4 44. Kg2 h5 45. g5 Nc7 46. Nxg7 Kxg5 47. Rf2 Kf6 48. Nxh5+ Kf7 49.
 Nf4 Nb5 50. Nd5 Rh4 51. Kg3 Rh5 52. Kg4 Rh8 53. Nxb4 Nd4 54. Nxa6 Ra8 55.
 Nb4 Ra4 56. a3 Ra5 57. Rd2 Nxf5 58. Rf2 Kg6 59. h4 Ne3+ 60. Kf3 Nc4 61. 
Kg4 Ne5+ 62. Kg3 Nc4 63. Rc2 Nxa3 64. bxa3 Rxa3+ 65. Kg4 Ra4 66. Rc4 Kh7 
67. Rf4 Kh6 68. Nd5 Ra1 69. Rf6+ Kg7 70. Rd6 Rg1+ 71. Kh5 Kh8 72. Kh6 Rg8 
73. Nf4 Re8 74. Ne6 Rg8 75. Rd8 Rxd8 76. Nxd8 Kg8 77. Kg6 Kh8 78. h5 Kg8 
79. h6 Kh8 80. Nf7+ 1-0

[Event "European Cities & Towns Chess Championship - Open/Seniors"]
[Site "Central Europe"]
[Date "2023.01.29"]
[Round "7.9.3"]
[White "Mihasi, Erald"]
[Black "Sezgun, Yakup"]
[Result "1-0"]
[WhiteElo "1909"]
[BlackElo "1739"]
[BlackCountry "TR"]
[BlackFideId "6338496"]
[BlackTeam "Istanbul - Seniors"]
[Termination "time forfeit"]
[WhiteCountry "AL"]
[WhiteFideId "4700902"]
[WhiteTeam "Butrinti"]

1. d4 Nf6 2. Bf4 g6 3. e3 Bg7 4. Nf3 O-O 5. Bc4 d5 6. Bb3 Ne4 7. Nbd2 c5 
8. c3 cxd4 9. cxd4 Nxd2 10. Qxd2 Nc6 11. O-O Bg4 12. Ne1 Rc8 13. h3 Bf5 
14. Rc1 h6 15. Nd3 b6 16. a3 g5 17. Bg3 e6 18. Rfe1 Na5 19. Ba2 Nc4 20. 
Bxc4 dxc4 21. Ne5 b5 22. Qb4 Bxe5 23. Bxe5 Qd5 24. Qe7 f6 25. Bg3 Rf7 26. 
Qb4 a6 27. a4 bxa4 28. Qxa4 Qb5 29. Qa3 Rb7 30. e4 Bg6 31. Rc2 Qb3 32. 
Qxa6 Qxc2 33. Qxb7 Rd8 34. Qe7 Re8 35. Qxf6 Bf7 36. Be5 Kf8 37. Qxh6+ Ke7 
38. Qf6+ Kf8 39. Bd6+ Kg8 40. Qxg5+ Kh7 41. Qh4+ Kg7 42. Re3 1-0

[Event "European Cities & Towns Chess Championship - Open/Seniors"]
[Site "Central Europe"]
[Date "2023.01.29"]
[Round "7.9.4"]
[White "Ozveren, Ali Bulent"]
[Black "Omeri, Eklea"]
[Result "0-1"]
[WhiteElo "1718"]
[BlackElo "1629"]
[BlackCountry "AL"]
[BlackFideId "4703804"]
[BlackTeam "Butrinti"]
[Termination "time forfeit"]
[WhiteCountry "TR"]
[WhiteFideId "6303188"]
[WhiteTeam "Istanbul - Seniors"]

1. Nf3 Nf6 2. d4 d5 3. g3 g6 4. Bg2 Bg7 5. O-O O-O 6. b3 c6 7. Bb2 Bg4 8. 
Nbd2 Nbd7 9. Ne5 Bf5 10. Nd3 Re8 11. Nf3 Be4 12. Nde5 Qc7 13. Ng5 Bxg2 14.
 Kxg2 Nxe5 15. dxe5 Ng4 16. e6 f5 17. Bxg7 Kxg7 18. Nf7 Qc8 19. Qd4+ Nf6 
20. Qe5 Qb8 21. Qe3 Ng8 22. h4 Rf8 23. h5 Rxf7 24. exf7 Kxf7 25. hxg6+ 
hxg6 26. Rh1 Nf6 27. Rh4 e5 28. Rah1 b6 29. Qg5 Qg8 30. f3 Re8 31. Rh8 
Qxh8 32. Rxh8 Rxh8 33. Qe3 Re8 34. Qc3 Re6 35. a4 a6 36. Qb4 b5 37. Qa5 e4
38. f4 bxa4 39. bxa4 Ng4 40. Qc7+ Ke8 41. Qc8+ Ke7 42. Qb7+ Ke8 43. Qxa6 
Ne3+ 44. Kg1 Nxc2 45. Qc8+ Ke7 46. Qc7+ Ke8 47. a5 Nd4 48. Kf1 Re7 49. 
Qc8+ Kf7 50. a6 e3 51. Qb8 c5 52. a7 Nc6 53. Qb6 Nxa7 54. Qxc5 Kf6 55. 
Qxd5 Kg7 56. Qd6 Kf7 57. Qd5+ Kg7 58. Qd4+ Kf7 59. Qc4+ Kg7 60. Kg2 Kf8 
61. Kf3 Kg7 62. Qc5 Kf7 63. g4 fxg4+ 64. Kxg4 Kf6 65. Qb6+ Kf7 66. Kg5 Nc8
67. Qxg6+ Kf8 68. Qh6+ Ke8 69. Qc6+ Kd8 70. f5 Rc7 71. Qd5+ Rd7 72. Qa5+ 
Ke8 73. Qa8 Rd8 74. Qe4+ Kf8 75. Qxe3 Ne7 76. Qb6 Rd5 77. e4 Rd7 78. Qh6+ 
Ke8 79. Qh8+ Kf7 80. Qh7+ Ke8 81. Qh5+ Kf8 82. f6 Ng8 0-1

[Event "European Cities & Towns Chess Championship - Open/Seniors"]
[Site "Central Europe"]
[Date "2023.01.29"]
[Round "7.10.1"]
[White "Ribbegren, Karl Johan"]
[Black "Melikhov, Evgeny V."]
[Result "0-1"]
[WhiteElo "2158"]
[BlackElo "2269"]
[BlackCountry "RU"]
[BlackFideId "4122046"]
[BlackTeam "Ioannina"]
[BlackTitle "FM"]
[WhiteCountry "MC"]
[WhiteFideId "5400040"]
[WhiteTeam "Monte-Carlo"]

1. d4 Nf6 2. Nf3 d5 3. e3 Bg4 4. Bd3 c5 5. c3 e6 6. h3 Bxf3 7. Qxf3 Nc6 8.
 O-O Bd6 9. Nd2 cxd4 10. exd4 O-O 11. Bc2 Qc7 12. Qd3 Rac8 13. a3 a6 14. 
Re1 e5 15. dxe5 Nxe5 16. Qd4 Rfe8 17. Kh1 Nc6 18. Rxe8+ Rxe8 19. Qd3 Re1+ 
20. Nf1 Ne5 0-1